000
00206nam a22000857a 4500
008
170116b xxu||||| |||| 00| 0 eng d
100
_9
2444
_a
Behi.R.
245
_a
Volley Ball Quiz
260
_a
New Delhi
_b
SET
_c
2009
999
_c
5491
_d
5491